000 00678nam a22002177a 4500
005 20250725144540.0
008 250725b |||||||| |||| 00| 0 eng d
037 _cTB
040 _aCRL
_cCRL
041 _2URD
_aURD
084 _aΔ73:g 168M7
_bCRL
100 _aFarahi, Ubaidullah
_9816562
245 _aTasawwuf:
_bek tabziyati mutala
260 _aAligarh, India:
_bIdara-e-tehqeeq-o-tasneef Islami,
_c1987.
300 _a200p.
365 _b25.00
_cINR
650 _aMysticism
650 _aCriticism
942 _2CC
_cTB
_hΔ73:g 168M7
_n0
999 _c1434306
_d1434306